Bio-Nanotechnology Concepts & Applications (Record no. 246083)

MARC details
000 -LEADER
fixed length control field 00492nam a2200193Ia 4500
008 - FIXED-LENGTH DATA ELEMENTS--GENERAL INFORMATION
fixed length control field 240913s9999||||xx |||||||||||||| ||und||
020 ## - INTERNATIONAL STANDARD BOOK NUMBER
International Standard Book Number 978-93-8061-871-5
082 ## - DEWEY DECIMAL CLASSIFICATION NUMBER
-- 620.5 Q2
100 ## - MAIN ENTRY--PERSONAL NAME
Personal name Madhuri Sharon et al.
245 #0 - TITLE STATEMENT
Title Bio-Nanotechnology Concepts & Applications
250 ## - EDITION STATEMENT
Edition statement 1st
260 ## - PUBLICATION, DISTRIBUTION, ETC. (IMPRINT)
Date of publication, distribution, etc 2012
Name of publisher, distributor, etc Ane Books Pv
500 ## - GENERAL NOTE
General note REFERENCE
650 ## - SUBJECT ADDED ENTRY--TOPICAL TERM
Topical term or geographic name as entry element Bio-Nanotechnology
942 ## - ADDED ENTRY ELEMENTS (KOHA)
Item type Reference
Holdings
Withdrawn status Lost status Damaged status Permanent location Current location Shelving location Date acquired Source of acquisition Cost, normal purchase price Full call number Barcode Date last seen Koha item type
      CENTRAL LIBRARY, NOORUL ISLAM CENTRE FOR HIGHER EDUCATION CENTRAL LIBRARY, NOORUL ISLAM CENTRE FOR HIGHER EDUCATION   09/21/2012 World Book House Chennai 1495.00 620.5 Q2 44234 09/13/2024 Reference
Visitors:
Copyright © 2024 Central Library NICHE.  All rights reserved.